Institutions and organizations ideas, interests and identities
Saved in:
| Main Author: | |
|---|---|
| Format: | Book |
| Language: | English |
| Published: |
Sage Publications
2014
|
| Tags: |
Add Tag
No Tags, Be the first to tag this record!
|
MARC
| LEADER | 00000nam a22000007a 4500 | ||
|---|---|---|---|
| 008 | 210122b ||||| |||| 00| 0 eng d | ||
| 020 | |a 978-1-4522-4222-4 | ||
| 100 | |a SCOTT, W. Richard. | ||
| 245 | |a Institutions and organizations |b ideas, interests and identities |c W. Richard Scott |g xiii; 345p.; ill. | ||
| 250 | |b 4th ed. | ||
| 260 | |b Sage Publications |c 2014 |h Los Angeles |i 693417 |i 693418 |l HM786 .Sc3 |m Organizational sociology. |m Social institution. | ||
| 942 | |a lcc |c BK |e YUNUSA, A.A. |f 22/01/2021 | ||
| 952 | |0 0 |1 0 |2 lcc |4 0 |6 HM0786 S C3 |7 0 |9 1520 |a HOL |b SSL |c GJ |d 2021-01-22 |l 0 |o HM786 .Sc3 |p 2021-0315 |r 2021-01-22 00:00:00 |w 2021-01-22 |y BK | ||
| 952 | |0 0 |1 0 |2 lcc |4 0 |6 HM0786 S C3 |7 0 |9 1521 |a HOL |b HOL |c GJ |d 2021-01-22 |l 0 |o HM786 .Sc3 |p 2021-0316 |r 2021-01-22 00:00:00 |w 2021-01-22 |y BK | ||
| 999 | |c 800 |d 800 | ||